000 01789nam0a2200361 4500
001 RU\NLR\bibl\1501600
005 20260407090003.0
010 _a978-5-7904-0956-1
_9300
021 _aRU
_b2010-17872
_91199
035 _a(nilc)RSL-KNO-004594750
035 _a(NLR Aleph) 001493055
090 _a1773643
_c1773643
100 _a20100312d2009 |||y0rusy50 ca
101 0 _arus
102 _aRU
105 _ay zzzz|||||
200 1 _aБухгалтерское дело: принципы организации
_eучебное пособие
_fАлтайский экономико-юридический ин-т, Томский гос. ун-т
_g[сост. Каз М. С. и др.]
210 _aБарнаул
_aТомск
_cИзд-во Алтайского экономико-юридического ин-та
_d2009
215 _a267, [2] с.
_cтабл.
_d29
320 _aБиблиогр. в конце кн.
606 1 _aБухгалтерский учет
_jУчебные издания для высших учебных заведений
_yРоссийская Федерация
_92073607
_3RU\NLR\auth\661248526
610 0 _aЭкономика -- Учет -- Российская Федерация -- Бухгалтерский учет -- Учебник для высшей школы
686 _aУ052.9(2)20я73-1
_2rubbk
686 _aУ052.9(2)2я73
686 _aХ621.13я73
702 1 _aКаз
_bМ. С.
_gМихаил Семенович
_4220
712 0 2 _4570
_aАлтайский экономико-юридический институт
_cБарнаул
_9594639
_3RU\NLR\AUTH\8810047368
801 0 _aRU
_bРГБ
_c20100312
_grcr
801 1 _aRU
_bРГБ
_c20100312
801 2 _aRU
_bNLR
_c20100420
_grcr
942 _cBOOK
980 _aNB